All the World Cup winning countries in 15 seconds - Statistiques

Statistiques générales
  • Ce quiz a été pris 123 fois
  • Le résultat moyen est 10 sur 22
Statistiques - réponses
an Country % Correct
2018 France
90%
1998 France
90%
2022 Argentina
47%
1986 Argentina
47%
1978 Argentina
47%
2002 Brazil
47%
1994 Brazil
47%
1970 Brazil
47%
1962 Brazil
47%
1958 Brazil
47%
2014 Germany
45%
1990 Germany
45%
1974 Germany
45%
1954 Germany
45%
1950 Uruguay
37%
1930 Uruguay
37%
2010 Spain
33%
2006 Italy
30%
1982 Italy
30%
1938 Italy
30%
1934 Italy
30%
1966 England
16%
Aucun quiz correspondant
Distribution des résultats
% des personnes avec chaque résultat
Percentile par nombre de réponses
Votre historique - résultats
Vous n’avez pas pris ce quiz